POWER: Learning Strategies for Success in Higher Education and Life (Record no. 5144)

MARC details
005 - DATE AND TIME OF LATEST TRANSACTION
control field 20250625163736.0
020 ## - INTERNATIONAL STANDARD BOOK NUMBER
International Standard Book Number 0-07-067652-5
082 ## - DEWEY DECIMAL CLASSIFICATION NUMBER
Classification number 378.198
100 ## - MAIN ENTRY--PERSONAL NAME
Author name FELDMAN, S. F
245 ## - TITLE STATEMENT
Title POWER: Learning Strategies for Success in Higher Education and Life
260 ## - PUBLICATION, DISTRIBUTION, ETC.
Place of publication, distribution, etc. Toronto
Name of publisher, distributor, etc. McGraw-Hill Ryerson
Date of publication, distribution, etc. 2003
300 ## - PHYSICAL DESCRIPTION
Extent xxxi; 399Pages;
Other physical details Index; Pictures
Dimensions 28cm
700 ## - ADDED ENTRY--PERSONAL NAME
Other authors/Editors Chick, S.
942 ## - ADDED ENTRY ELEMENTS (KOHA)
Source of classification or shelving scheme Dewey Decimal Classification
Suppress in OPAC No
Koha item type Books
Holdings
Date last seen Total checkouts Full call number Barcode Cost, replacement price Price effective from Koha item type Lost status Source of classification or shelving scheme Damaged status Not for loan Withdrawn status Home library Current library Shelving location Date acquired Source of acquisition Cost, normal purchase price
06/25/2025   378.198 FEL DOM0002795 90000.00 06/25/2025 Books   Dewey Decimal Classification       CBE Dodoma CBE Dodoma General Collection 06/01/2005 Library Budget 30000.00
06/27/2025   378.198FEL DOM0002109 90000.00 06/27/2025 Books   Dewey Decimal Classification       CBE Dodoma CBE Dodoma General Collection 06/01/2005   30000.00